• 首页
  • 本馆介绍
  • 公告通知
  • 最新文献
  • 馆藏检索
  • 电子资源
  • 读者导购
  • 参考咨询
  • 我的图书馆
  • 登录
  • 详细信息显示
  • 放入我的书架
  • 预约/预借图书
  • 作者相关作品
  • 分类相关作品
  • 丛书相关作品
  • 出版社相关作品

书目信息

  • 表格格式
  • 工作单格式
  • 卡片格式
题名:
葡萄酒品鉴全典
    
 
作者: 杨子葆 著
分册:  
出版信息: 北京   北京时代华文书局  2015
页数: 12,324页
开本: 24cm
丛书名:
单 册:
中图分类: TS262.61
科图分类:
主题词: 葡萄酒--品鉴
电子资源:
ISBN: 978-7-80769-967-5
000 01140nam0 2200277 450
001 012015000052
005 20151130142633.29
010    @a978-7-80769-967-5@dCNY88.00
100    @a20150712d2015 em y0chiy50 ea
101 0  @achi
102    @aCN@b110000
105    @aa z 000yy
106    @ar
200 1  @a葡萄酒品鉴全典@Apu tao jiu pin jian quan dian@e品味与分享葡萄酒必备的101个关键字@f杨子葆著
210    @a北京@c北京时代华文书局@d2015
215    @a12,324页@c彩图@d24cm@e1光盘
304    @a英文共同题名:Anything but chardonnay
305    @a经台湾秋雨文化事业股份有限公司授权出版中文简体字版
307    @a附光盘:ISBN 978-7-7900-1287-1
330    @a本书内含葡萄酒专业知识、101个精选品酒必备词汇,并特别收录了28个主题的实境社交对话。全书以“ABC”字母的开头开始叙述,都是有系统的阐述葡萄酒专门术语、相关人物,以及其他品酒与酒学的有关信息。
517 1  @a品味与分享葡萄酒必备的101个关键字@Apin wei yu fen xiang pu tao jiu bi bei de 101 ge guan jian zi
606 0  @a葡萄酒@x品鉴
690    @aTS262.61@v5
701  0 @a杨子葆@Ayang zi bao@f(1963-)@4著
801  0 @aCN@b碧洲教育@c20151127
905    @a10447@f3@dTS262.61@e188
    
    葡萄酒品鉴全典:品味与分享葡萄酒必备的101个关键字/杨子葆著.-北京:北京时代华文书局,2015
    12,324页:彩图;24cm+1光盘
    
    
    ISBN 978-7-80769-967-5:CNY88.00
    本书内含葡萄酒专业知识、101个精选品酒必备词汇,并特别收录了28个主题的实境社交对话。全书以“ABC”字母的开头开始叙述,都是有系统的阐述葡萄酒专门术语、相关人物,以及其他品酒与酒学的有关信息。
●
相关链接 在E读中查询图书 在五车中查询图书 在当当中查询图书 在豆瓣中查询图书


正题名:葡萄酒品鉴全典     索取号:TS262.61/188         预约/预借

序号 登录号 条形码 馆藏地/架位号 状态 备注
1 0871623   208716237   第二样本阅览室/ [索取号:TS262.61/188] 在馆    
2 0871624   208716246   第三借阅区/ [索取号:TS262.61/188] 在馆    
3 0871625   208716255   第三借阅区/ [索取号:TS262.61/188] 在馆    
唐山师范学院图书馆 欢迎您!
大连网信软件有限公司© 版权所有